LEADER 01061nam0-2200361---450- 001 990009350910403321 005 20110429140339.0 010 $a978-88-15-12443-2 035 $a000935091 035 $aFED01000935091 035 $a(Aleph)000935091FED01 035 $a000935091 100 $a20110429d2010----km-y0itay50------ba 101 0 $aita 102 $aIT 105 $aa-------001yy 200 1 $a<>capitale umano$fPiero Cipollone, Paolo Sestito 210 $aBologna$cil Mulino$d2010 215 $a131 p.$cill.$d20 cm 225 1 $aFarsi un'idea$v174 300 $aCompl. del tit. sulla cop.: come far fruttare i talenti 610 0 $aIstruzione$aAspetti economici 610 0 $aLavoratori$aIstruzione 676 $a331.114230945$v21$zita 700 1$aCipollone,$bPiero$0128251 701 1$aSestito,$bPaolo$f<1960- >$089072 801 0$aIT$bUNINA$gREICAT$2UNIMARC 901 $aBK 912 $a990009350910403321 952 $aCollez. 1741 (174)$b46849$fFSPBC 959 $aFSPBC 996 $aCapitale umano$9767622 997 $aUNINA LEADER 00940nam--2200337---45-- 001 990000491090203316 010 $a0-471-53128-6 035 $a0049109 035 $aUSA010049109 035 $a(ALEPH)000049109USA01 035 $a0049109 100 $a20010604d1975----km-y0ITAy0103-------ba 101 0 $aENG 102 $aUS 200 1 $aMolecular Spectroscopy$fIra N. Levine 210 $aNew York$cJohn Wiley & Sons$dcopyr. 1975 215 $aX, 491 p.$cill.$d20 cm 410 $12001 610 1 $aSpettroscopia molecolare 676 $a541.28 700 1$aLevine,$bIra N.$027022 801 0$aITA$bCBS$gISBD 912 $a990000491090203316 951 $a541.28 LEV$b0026470 CBS$c541.28$d00104926 959 $aBK 969 $aSCI 979 $aALANDI$b90$c20010604$lUSA01$h1126 979 $c20020403$lUSA01$h1657 979 $aPATRY$b90$c20040406$lUSA01$h1634 996 $aMolecular spectroscopy$9329953 997 $aUNISA